| 000 | 00483nam a2200193Ia 4500 | ||
|---|---|---|---|
| 003 | GCL | ||
| 008 | 140319s9999 xx 000 0 eng d | ||
| 040 |
_aGCL / _cGCL |
||
| 082 | 0 | 4 |
_a709.45 _bC A |
| 100 | 1 | _aCHASTEL, ANDRE | |
| 245 | 1 | 0 |
_aL'ART ITALIAN: TOUT L'ART HISTOIRE / _cCHASTEL, ANDRE |
| 260 |
_a[S.N] : _bFLAMMARION ، _c1995 |
||
| 300 | _a637 P | ||
| 650 | 0 | 4 | _aART |
| 650 | 0 | 4 | _aART, ITALY |
| 650 | 0 | 4 | _aITALY - HISTORY |
| 650 | 0 | 4 | _aART - HISTORY |
| 942 |
_2ddc _cBK |
||
| 999 |
_c14029 _d14029 |
||